Patient Safety: (Record no. 203128)

MARC details
000 -LEADER
fixed length control field 00601nam a22001937a 4500
005 - DATE AND TIME OF LATEST TRANSACTION
control field 20240521160242.0
010 ## - LCCN (DPL NO)
LC control number ENG-140439
020 ## - INTERNATIONAL STANDARD BOOK NUMBER
International Standard Book Number 9789392038037
Terms of availability 795.00
035 ## - SYSTEM CONTROL NUMBER
System control number EN-123971
037 ## - SOURCE OF ACQUISITION
Source of stock number/acquisition DBAD
082 ## - DEWEY DECIMAL CLASSIFICATION NUMBER
Classification number 362.1068
100 ## - MAIN ENTRY--PERSONAL NAME
Personal name Rajkhowa, Sriparna
245 ## - TITLE STATEMENT
Title Patient Safety:
Remainder of title Silos to Synthesis and Synergy/
Statement of responsibility, etc by Sriparna Rajkhowa
260 ## - PUBLICATION, DISTRIBUTION, ETC. (IMPRINT)
Place of publication, distribution, etc Guwahati, Assam
Name of publisher, distributor, etc EBH Publishers
Date of publication, distribution, etc 2023
270 ## - ADDRESS
Address 136, M.L. Nehru Road, Panbazar
City Guwahati, Assam
Postal code 781001
300 ## - PHYSICAL DESCRIPTION
Extent 281p.
Dimensions 23cm(pb)
700 ## - ADDED ENTRY--PERSONAL NAME
Relator term Author
9 (RLIN) 66618
942 ## - ADDED ENTRY ELEMENTS (KOHA)
Source of classification or shelving scheme Dewey Decimal Classification
Item type English Books
Classification part 362.1068
Call number suffix RAJ
Holdings
Withdrawn status Lost status Not for loan Collection code Home library Current library Date acquired Source of acquisition Cost, normal purchase price Full call number Barcode Copy number Cost, replacement price Koha item type
      Non-fiction Shahdara Branch Shahdara Branch 21/05/2024 DBAD 795.00 362.1068 RAJ EN-123971 1 795.00 English Books

© Delhi Public Library
Hit Counter
free hit counter